000 00820nam a22002417a 4500
010 _aENG-109545
020 _c895.00
_a9789351344735
020 _c895.00
_a9351344738
035 _aEN-93078
037 _bDBAD/PUB
082 _a658.404076
100 _aPhillips, Joseph
245 0 0 _aAll-in-one CAPM/PMP project management certification :
_cby Joseph Phillips
_bexam guide/
246 _aCAPM/PMP project management certification all-in-one exam guide
250 _a3rd ed
260 _aNew Delhi
_bMcGraw Hill Education
_c2014
270 _aP-24, Green Park Extn.
_bNew Delhi
_e110016
300 _axxii,632p.
_c24cm(pbk)
_e1 CD-ROM
490 _a All-in-one
500 _aIncludes index
650 _aProject management
_xExaminations
_vStudy guides.
942 _2ddc
_cEN
_mPHI
_h658.404076
999 _c82988
_d82988